|
|
|
|
| LEADER |
01057cam a22002651a 4500 |
| 001 |
c000275107 |
| 003 |
CARM |
| 005 |
20071029183000.0 |
| 008 |
710412s1966 cauab b 000 0 eng |
| 019 |
1 |
|
|a 14883
|5 LACONCORD2021
|
| 035 |
|
|
|a (OCoLC)454886
|5 LACONCORD2021
|
| 040 |
|
|
|a LC
|b eng
|c LC
|d NUN
|
| 043 |
|
|
|a n-us-ca
|
| 050 |
0 |
0 |
|a GV54.C2
|b A519 no. 2
|
| 082 |
0 |
4 |
|a 790/.09794
|
| 110 |
1 |
|
|a California.
|b Statewide Recreation Planning Unit
|
| 245 |
1 |
0 |
|a PARIS: park and recreation information system :
|b supply-demand analysis for California outdoor recreation facilities.
|
| 260 |
|
|
|a [Sacramento] :
|b Dept. of Parks and Recreation,
|c 1966.
|
| 300 |
|
|
|a xi, 115 p. :
|b ill., maps. ;
|c 28 cm.
|
| 440 |
|
0 |
|a Planning monograph ;
|v no. 2
|
| 504 |
|
|
|a Bibliography: p. 115.
|
| 650 |
|
0 |
|a Outdoor recreation
|z California.
|
| 852 |
8 |
|
|b CARM
|h A1:AM15D0
|i F02863
|p 0392846
|f BK
|
| 999 |
f |
f |
|i 7ab56e11-49fd-5abf-b69a-dd34d6cc0cac
|s 3cd7508a-f58c-5e4a-83cf-ce225ffa2011
|
| 952 |
f |
f |
|p Can circulate
|a CAVAL
|b CAVAL
|c CAVAL
|d CARM 1 Store
|e F02863
|f A1:AM15D0
|h Other scheme
|i book
|m 0392846
|